000
00348pam a2200157a 44500
008
230515b2016 xxu||||| |||| 00| 0 eng d
020
_a
NULL
041
_a
ENGLISH
082
_a
610.73
100
_a
SURESH K RAY
245
_a
COMMUNITY NURSING PROCEDURE MANUAL
250
_a
0
260
_a
_b
C B S
_c
2016
300
_a
179
650
_a
NULL
999
_c
531549
_d
531549